000 00633nam a2200253Ia 4500
003 OSt
005 20220918200206.0
006 a|||||r|||| 00| 0
007 ta
008 220917b |||||||| |||| 00| 0 eng d
024 _a87,826
037 _cTextual
040 _aARTS
_cARTS
_beng
041 _2eng
_aeng
082 _aU:13, H6;J5
100 _aWood G L
_993097
245 0 _aPacific basin
_b a human and economic geography
250 _a4th
260 _c1955
650 _aGEOGRAPHY
700 _a Mcbride P
_993098
942 _hU:13, H6;J5
_cTEXL
_2CC
999 _c211516
_d211516